USAR features & benefits.

Promotional video clips for Army Reserve recruiting activities.

Bibliographic Details
Corporate Author: United States. Army Recruiting Command
Format: Government Document Video
Language:English
Published: [Ft. Knox, Ky.] : U.S. Army Recruiting Command, [1999]
Edition:Version 5.0.
Subjects:

MARC

Tag First Indicator Second Indicator Subfields
LEADER 00000cgm a2200000Ia 4500
001 in00002450721
005 20151111043641.0
006 m c f
007 vz cgadz|
008 990506s1999 kyu--- fs vleng d
035 |a (OCoLC)ocm41314583 
035 |a (OCoLC)41314583 
040 |a GPO  |c GPO  |d OCLCQ  |d TXA  |d UtOrBLW 
043 |a n-us--- 
049 |a TXAM 
050 4 |a UB320  |b .U83 1999 
074 |a 0307-A-08 
086 0 |a D 101.129/6:B 43/999/CD 
245 0 0 |a USAR features & benefits. 
246 3 |a USAR features and benefits 
250 |a Version 5.0. 
264 1 |a [Ft. Knox, Ky.] :  |b U.S. Army Recruiting Command,  |c [1999] 
300 |a 1 CD-ROM :  |b color, sound ;  |c 4 3/4 in. 
336 |a two-dimensional moving image  |b tdi  |2 rdacontent 
337 |a computer  |b c  |2 rdamedia 
338 |a computer disc  |b cd  |2 rdacarrier 
538 |a System requirements: IBM or compatible PC; MS Windows 95; Windows Media Player or other player capable of displaying .mpg files; audio speakers or headphones; CD-ROM drive. 
500 |a Title from disc label. 
516 8 |a ISO 9660 format. 
500 |a Shipping list number: 99-0039-E. 
500 |a "March 1999." 
538 |a Disc characteristics: CD-ROM. 
520 |a Promotional video clips for Army Reserve recruiting activities. 
500 |a Electronic resource. 
610 1 0 |a United States.  |b Army Reserve  |x Recruiting, enlistment, etc. 
710 1 |a United States.  |b Army Recruiting Command. 
948 |a cataloged  |b h  |c 2009/07/29  |e revaughan  |f 8:44:14 am 
994 |a C0  |b TXA 
999 |a MARS 
999 f f |s 691fa6d9-7e5f-3652-ac34-882063f2b3e8  |i 4963c5eb-a4b0-3897-8b3d-8482b6e36782  |t 0 
952 f f |p normal  |a Texas A&M University  |b College Station  |c Sterling C. Evans Library  |d Evans: US Documents CD-ROMs (Annex 5th floor)  |t 0  |e D 101.129/6:B 43/999/CD  |h Superintendent of Documents classification  |i computer -- computer disc  |m A14824477137 
998 f f |a D 101.129/6:B 43/999/CD  |t 0  |l Evans: US Documents CD-ROMs (Annex 5th floor)